LEADER 01175nam--2200397---450- 001 990002875330203316 005 20070305132246.0 010 $a88-240-3543-4 035 $a000287533 035 $aUSA01000287533 035 $a(ALEPH)000287533USA01 035 $a000287533 100 $a20070305d2005----km-y0itay50------ba 101 $aita 102 $aIT 105 $aa---||||001yy 200 1 $aVia Severiana$fStefania Fogagnolo, Massimilano Valenti 210 $aRoma$cIstituto Poligrafico e Zecca dello Stato$cLibreria dello Stato$dc2005 215 $a207 p.$cill.$d24 cm. 225 2 $aAntiche strade$iLazio 410 0$12001$aAntiche strade$iLazio 454 1$12001 461 1$1001-------$12001 606 0 $aVia Severiana$yLazio 676 $a914.562 700 1$aFOGAGNOLO,$bStefania$0596049 701 1$aVALENTI,$bMassimiliano$0596050 801 0$aIT$bsalbc$gISBD 912 $a990002875330203316 951 $aXI.5.E. 35$b190108 L.M.$cXI.5.E.$d00121075 959 $aBK 969 $aUMA 979 $aRIVELLI$b90$c20070305$lUSA01$h1319 979 $aRIVELLI$b90$c20070305$lUSA01$h1322 996 $aVia Severiana$9991428 997 $aUNISA LEADER 01476nas 2200385-a 450 001 996215396403316 005 20200526054320.6 011 $a1834-8491 035 $a(DE-599)ZDB2782399-4 035 $a(OCoLC)40223899 035 $a(CKB)1000000000024881 035 $a(CONSER)sn-98031380- 035 $a(EXLCZ)991000000000024881 100 $a19981103a19979999 --- a 101 0 $aeng 200 00$aHumanities research /$fHumanities Research Centre, Australian National University ; Centre for Cross-cultural Research, Australian National University 210 $aCanberra, A.C.T. $cHumanities Research Centre $cCentre for Cross-cultural Research$d1997- 300 $aRefereed/Peer-reviewed 311 $a1440-0669 606 $aHumanities$xResearch$zAustralia$vPeriodicals 606 $aSocial sciences$xResearch$zAustralia$vPeriodicals 606 $aHumanities$xResearch$2fast$3(OCoLC)fst00963621 606 $aSocial sciences$xResearch$2fast$3(OCoLC)fst01122944 607 $aAustralia$2fast 608 $aPeriodicals.$2fast 615 0$aHumanities$xResearch 615 0$aSocial sciences$xResearch 615 7$aHumanities$xResearch. 615 7$aSocial sciences$xResearch. 712 02$aAustralian National University.$bHumanities Research Centre. 712 02$aAustralian National University.$bCentre for Cross-Cultural Research. 906 $aJOURNAL 912 $a996215396403316 996 $aHumanities research$92129141 997 $aUNISA LEADER 01673nam 2200481 n 450 001 9910764188103321 005 20240604182236.0 010 $a1-383-02075-2 024 7 $a10.1093/oso/9780198503996.001.0001 035 $a(CKB)5600000000768313 035 $a(OCoLC)1406782076 035 $a(StDuBDS)9781383020755 035 $a(EXLCZ)995600000000768313 100 $a20000522e20231999 |y | 101 0 $aeng 135 $aur||||||||||| 181 $2rdacontent 182 $2rdamedia 183 $2rdacarrier 200 10$aCP violation /$fGustavo Castelo Branco, Lui?s Lavoura, Joa?o Paulo Silva 210 1$aOxford :$cClarendon Press,$d2023. 215 $a1 online resource (xxi, 511 pages)$cillustrations (black and white) 225 1 $aInternational series of monographs on physics ;$v103. 300 $aPreviously issued in print: 1999. 311 $a0-19-850399-7 320 $aIncludes bibliographical references (pages [485]-501) and index. 330 8 $aThis upper level text focuses on one of the most exciting areas in particle and astrophysics today. The book features clear exposition and fascinating physical insights. 410 0$aInternational series of monographs on physics ;$v103. 606 $aCP violation (Nuclear physics) 615 0$aCP violation (Nuclear physics) 676 $a539.725 700 $aBranco$b G. C$g(Gustavo C.),$0461537 702 $aLavoura$b Lui?s 702 $aSilva$b Joa?o Paulo 801 0$bDLC 801 1$bDLC 801 2$bUk 801 2$bStDuBDSZ 801 2$bStDuBDSZ 906 $aBOOK 912 $a9910764188103321 996 $aCP violation$94150733 997 $aUNINA